<?xml version="1.0" encoding="UTF-8"?>
<collection xmlns="http://www.loc.gov/MARC21/slim">
 <record>
  <leader>     na                 </leader>
  <controlfield tag="001">INLIS000000000019420</controlfield>
  <controlfield tag="005">20250804021029</controlfield>
  <datafield tag="035" ind1=" " ind2=" ">
   <subfield code="a">0010-0123000303</subfield>
  </datafield>
  <controlfield tag="008">250804                g          0 ind  </controlfield>
  <datafield tag="245" ind1="1" ind2=" ">
   <subfield code="a">Menjadi Guru Profesional :</subfield>
   <subfield code="b">Menciptakan Pembelajaran Kreatif dan Menyenangkan /</subfield>
   <subfield code="c">Mukhlis</subfield>
  </datafield>
  <datafield tag="100" ind1="1" ind2=" ">
   <subfield code="a">Mulyasa, E</subfield>
   <subfield code="e">Pengarang</subfield>
  </datafield>
  <datafield tag="260" ind1=" " ind2=" ">
   <subfield code="a">Bandung :</subfield>
   <subfield code="b">Remaja Rosdakarya,</subfield>
   <subfield code="c">2015</subfield>
  </datafield>
  <datafield tag="300" ind1=" " ind2=" ">
   <subfield code="a">232 halaman ;</subfield>
   <subfield code="c">24 cm</subfield>
  </datafield>
  <datafield tag="020" ind1=" " ind2=" ">
   <subfield code="a">979-692-375-0</subfield>
  </datafield>
  <datafield tag="084" ind1=" " ind2=" ">
   <subfield code="a">371.12 MUL m</subfield>
  </datafield>
  <datafield tag="520" ind1=" " ind2=" ">
   <subfield code="a">Setelah Nagasaki dan Hiroshima dibom atom oleh sekutu, langkah pertama yang dilakukan pemerintah Jepang adalah menghitung jumlah guru dan dokter yang tersisa. Mereka membangun kembali bangsanya yang porakporanda itu dimulai dari bidang pendidikan dan kesehatan. Hasilnya sangat menakjubkan, selama kurang dari 20 tahun, Jepang berhasil mensejajarkan negaranya dengan Negara-negara maju lainnya di dunia. Kisah nyata tersebut menunjukkan betapa besar peran guru dalam membangun bangsa. Tapi itu di Jepang, di Indonesia posisi guru kurang diperhitungkan bahkan cenderung dikesampingkan. Parahnya lagi, profesionalisme guru di Indonesia umumnya belum tampak. Karena itu, jika anda ingin menjadikan guru atau sudah menjadi guru, jadilah sosok profesional yang kreatif dan menyenangkan. Membenahi profesionalisme guru adalah awal yang baik untuk meningkatkan mutu pendidikan. Dan, dalam kerangka itulah buku ini diterbitkan. Di dalamnya diuraikan berbagai prinsip dasar, kompetensi, dan profesionalisme guru. Untuk merangsang sikap kreatif dan profesional tersebut, buku ini tidak hanya bicara masalah pencerdasan intelektual (IQ), tapi mencakup kecerdasan emosional (EQ), kreativitas (EQ), dan spiritual (SQ). Dalam pembahasannya juga buku ini sengaja menawarkan cara-cara praktis agar bukan saja mudah dipahami tapi juga mudah diterapkan.</subfield>
  </datafield>
  <datafield tag="082" ind1=" " ind2=" ">
   <subfield code="a">371.12</subfield>
  </datafield>
  <datafield tag="650" ind1=" " ind2="4">
   <subfield code="a">Pendidikan</subfield>
  </datafield>
  <datafield tag="650" ind1=" " ind2="4">
   <subfield code="a">Guru</subfield>
  </datafield>
  <datafield tag="863" ind1=" " ind2=" ">
   <subfield code="a">13</subfield>
  </datafield>
  <datafield tag="250" ind1=" " ind2=" ">
   <subfield code="a">Cetakan 15</subfield>
  </datafield>
  <datafield tag="264" ind1=" " ind2=" ">
   <subfield code="a">Bandung :</subfield>
   <subfield code="b">Remaja Rosdakarya,</subfield>
   <subfield code="c">2015</subfield>
  </datafield>
  <datafield tag="336" ind1=" " ind2=" ">
   <subfield code="2">rdacontent</subfield>
   <subfield code="a">Text</subfield>
  </datafield>
  <datafield tag="337" ind1=" " ind2=" ">
   <subfield code="2">rdamedia</subfield>
   <subfield code="a">Tanpa Perantara</subfield>
  </datafield>
  <datafield tag="338" ind1=" " ind2=" ">
   <subfield code="2">rdacarrier</subfield>
   <subfield code="a">Lembar</subfield>
  </datafield>
  <datafield tag="990" ind1=" " ind2=" ">
   <subfield code="a">068928</subfield>
  </datafield>
  <datafield tag="990" ind1=" " ind2=" ">
   <subfield code="a">068927</subfield>
  </datafield>
  <datafield tag="990" ind1=" " ind2=" ">
   <subfield code="a">068926</subfield>
  </datafield>
  <datafield tag="990" ind1=" " ind2=" ">
   <subfield code="a">058180</subfield>
  </datafield>
  <datafield tag="990" ind1=" " ind2=" ">
   <subfield code="a">058178</subfield>
  </datafield>
  <datafield tag="990" ind1=" " ind2=" ">
   <subfield code="a">058177</subfield>
  </datafield>
 </record>
</collection>
